Представление документа в формате MARC21

Поле Инд. ПП Название Значение
Тип записи a
Библиографический уровень b
001 Контрольный номер RU/IS/BASE/148578558
005 Дата корректировки 20200702073941.7
084 a Индекс другой классификации/Индекс ББК 60.561.51; 60.542.15-425
100 1_ a Автор Иванова Е. А.
100 1_ a Автор Фролов С. A.
245 a Заглавие Семья наркомана. Типы семей с повышенным риском формирования наркозависимой личности
520 a Аннотация По мере изучения проблемы наркомании специалисты все больше сходятся в одном: истоки этой проблемы необходимо искать в структуре личности и семьи
650 a Основная рубрика социология
a Основная рубрика социология групп
a Основная рубрика социология семьи
653 a Ключевые слова девиантное поведение
a Ключевые слова молодежь
a Ключевые слова наркозависимая личность
a Ключевые слова наркотическая зависимость
a Ключевые слова социальное действие
a Ключевые слова социальное поведение
a Ключевые слова социальные проблемы
a Ключевые слова употребление наркотиков
773 t Заглавие источника Вестник Московского университета. Серия 18, Социология и политология
d Дата издания источника 2002
g Прочая информация № 1. - С. 98 - 108
w Контрольный № источника RU/IS/BASE/148577933
901 t Тип документа b